000 00505nam a2200193Ia 4500
005 20250508160428.0
008 008 250505s9999 xx 000 0 eng d
037 _aTextual
040 _aFEDL
_beng
_cFEDL
041 _aeng
_2eng
084 _a010, STO
_qFEDL
100 _aStokes Roy
245 0 _aFunction of bibliography
260 _aLondon, UK
_bAndre Deutsch Limited
_c1969
300 _a174p
650 _aBibliography
942 _cTEXL
_h010, STO
999 _c1364550
_d1364550